Baby Name Graphs: Boys Quiz Stats

 Plays Quiz Updated Apr 19, 2015

Challenge
Share
Tweet
Score 0/40 Timer 15:00
0 Plays Today
% Correct
???
98.8%
???
94.7%
???
92.3%
???
90.4%
???
89.1%
???
88.2%
???
87.4%
???
86.8%
???
86.1%
???
85.7%
???
85.3%
???
84.7%
???
84.2%
???
83.9%
???
83.6%
???
83.2%
???
83%
???
82.9%
???
82.7%
???
82.5%
% Correct
???
64.4%
???
63.3%
???
63.1%
???
60.1%
???
56.5%
???
56.2%
???
54.6%
???
53.4%
???
53.1%
???
49.5%
???
46.7%
???
44.8%
???
43.3%
???
38.4%
???
38.1%
???
34.6%
???
33.5%
???
30.9%
???
27.3%
???
15.8%

You're not logged in!

Compare scores with friends on all Sporcle quizzes.
OR
Log In

You Might Also Like...

Show Comments

Extras

Top Quizzes Today


Score Distribution

Your Account Isn't Verified!

In order to create a playlist on Sporcle, you need to verify the email address you used during registration. Go to your Sporcle Settings to finish the process.

Report this User

Report this user for behavior that violates our Community Guidelines.

Details: